00733 a2200181 45000010006000000050017000060080041000230030015000640400040000790800056001192450042001752640048002173000019002655050201002840410008004851000028004937000030005214140520260407155708.0260407a1982 arg spa dAR-UNSa-BCEJYS aAR-UNSa-BCEJYSbspacAR-UNSa-BCEJYS a347.4xObligaciones. Contratos. Acuerdos. Convenios10aIndexación, abuso y desindexación 1aSanta Fe :bRubinzal-Culzoni Editoresc1982 a281 p.c23 cm. a1. Las condiciones generales de la contratación - 2. El mutuo financiero fructifero - 3. Indexación y abuso - 4. Los remedios legales y judiciales - 5. La medida innovativa y su problemática aspa1 aMosset Iturraspe, Jorge1 aJortack, Víctor Eduardo